[Event "Edmonton 12th"]
[Site "Edmonton"]
[Date "2017.06.20"]
[Round "1"]
[White "Bitan, Banerjee"]
[Black "Gardner, Robert"]
[Result "1/2-1/2"]
[WhiteElo "2375"]
[BlackElo "2166"]
[PlyCount "91"]
[EventDate "2017.06.20"]
[EventType "swiss"]
[EventRounds "9"]
[EventCountry "CAN"]
[SourceTitle "EXT 2019"]
[Source "ChessBase"]
[SourceDate "2018.10.10"]
[SourceVersion "1"]
[SourceVersionDate "2018.10.10"]
[SourceQuality "1"]

1. d4 Nf6 2. c4 e6 3. Nc3 Bb4 4. e3 0-0 5. Nge2 Re8 6. a3 Bf8 7. Ng3 d5 8. Be2 c5 9. dxc5 Bxc5 10. b4 Bd6 11. Bb2 dxc4 12. Nce4 Nxe4 13. Nxe4 Be7 14. Bxc4 Qxd1+ 15. Rxd1 a5 16. b5 Nd7 17. a4 Nb6 18. Bb3 Bb4+ 19. Ke2 e5 20. Ng5 Bg4+ 21. f3 Bh5 22. h4 h6 23. g4 hxg5 24. gxh5 gxh4 25. h6 gxh6 26. Rxh4 Rad8 27. Bxe5 Rxd1 28. Rg4+ Kf8 29. Bg7+ Ke7 30. Kxd1 Rd8+ 31. Kc1 Rd3 32. Re4+ Kd7 33. Rd4+ Rxd4 34. Bxd4 Kc7 35. Kd1 f5 36. f4 Nd7 37. Bc2 Bc5 38. Bxf5 Bxd4 39. exd4 Nb6 40. Bc2 Nd5 41. f5 Kd6 42. Ke2 Ke7 43. Bb3 Nc7 44. Kf3 Kf6 45. Kf4 b6 46. d5 1/2-1/2

[Event "Edmonton Fall-A"]
[Site "Edmonton"]
[Date "2016.10.30"]
[Round "5"]
[White "Gardner, Robert"]
[Black "Villavieja, Butch"]
[Result "1-0"]
[WhiteElo "2166"]
[BlackElo "2132"]
[PlyCount "107"]
[EventDate "2016.10.29"]
[EventType "tourn"]
[EventRounds "5"]
[EventCountry "CAN"]
[SourceTitle "EXT 2019"]
[Source "ChessBase"]
[SourceDate "2018.10.10"]
[SourceVersion "1"]
[SourceVersionDate "2018.10.10"]
[SourceQuality "1"]

1. d4 Nf6 2. c4 g6 3. Nc3 Bg7 4. e4 d6 5. f3 0-0 6. Be3 Nc6 7. Nge2 a6 8. Qd2 Rb8 9. Rc1 e6 10. g4 Bd7 11. Ng3 e5 12. Nce2 exd4 13. Nxd4 Ne5 14. Be2 b5 15. cxb5 axb5 16. g5 Ne8 17. b3 c5 18. Nc2 f5 19. exf5 Bxf5 20. Nxf5 Rxf5 21. f4 Nd7 22. Bg4 Rf8 23. h4 Nb6 24. h5 Qe7 25. 0-0 b4 26. hxg6 hxg6 27. Qd3 Nc7 28. Rce1 Qf7 29. Qxd6 Nbd5 30. Bxc5 Bc3 31. Re4 Rfe8 32. Rxe8+ Rxe8 33. f5 Kg7 34. f6+ Kg8 35. Rf2 Be5 36. Qc6 Bf4 37. Qd7 Re5 38. Kf1 Bxg5 39. Qxf7+ Kxf7 40. Bd6 Re4 41. Bf3 Re6 42. Bxc7 Nxc7 43. Nxb4 Rxf6 44. Bd5+ Ke7 45. Nc6+ Kd6 46. Rxf6+ Bxf6 47. Be4 Nb5 48. a4 Nc3 49. Bf3 g5 50. a5 Nb5 51. a6 Kc5 52. a7 Nc7 53. Nb8 Kd4 54. Na6 1-0

[Event "Edmonton Fall-A"]
[Site "Edmonton"]
[Date "2016.10.30"]
[Round "4"]
[White "Malek, Omid"]
[Black "Gardner, Robert"]
[Result "1/2-1/2"]
[WhiteElo "2060"]
[BlackElo "2166"]
[PlyCount "93"]
[EventDate "2016.10.29"]
[EventType "tourn"]
[EventRounds "5"]
[EventCountry "CAN"]
[SourceTitle "EXT 2019"]
[Source "ChessBase"]
[SourceDate "2018.10.10"]
[SourceVersion "1"]
[SourceVersionDate "2018.10.10"]
[SourceQuality "1"]

1. d4 Nf6 2. Bg5 e6 3. e4 h6 4. Bxf6 Qxf6 5. c3 c5 6. Nf3 Qd8 7. Nbd2 Be7 8. Bd3 d6 9. 0-0 Nd7 10. Qe2 0-0 11. Rac1 a6 12. a4 Re8 13. b3 e5 14. dxe5 Nxe5 15. Nxe5 dxe5 16. Bc4 Qc7 17. Bd5 Rb8 18. c4 Bg5 19. Rc3 Rf8 20. Rd1 g6 21. Nf3 Bf6 22. h3 Kh7 23. Nh2 Bg7 24. h4 h5 25. g3 Qe7 26. Rcd3 Bh3 27. Qf3 f5 28. Qe2 f4 29. gxf4 Qxh4 30. Rxh3 Qxh3 31. Rd3 Qh4 32. f5 Bh6 33. fxg6+ Kxg6 34. Rg3+ Kh7 35. Be6 Rf6 36. Nf3 Qf4 37. Qd3 Kh8 38. Qd7 Rbf8 39. Bf5 Rxf5 40. exf5 Qxf5 41. Qxb7 e4 42. Qxa6 Kh7 43. Qb7+ Rf7 44. Qb8 Rf8 45. Qc7+ Rf7 46. Qb8 Rf8 47. Qc7+ 1/2-1/2

[Event "Edmonton Fall-A"]
[Site "Edmonton"]
[Date "2016.10.29"]
[Round "1"]
[White "Findlay, Ian T"]
[Black "Gardner, Robert"]
[Result "1-0"]
[WhiteElo "2231"]
[BlackElo "2166"]
[PlyCount "93"]
[EventDate "2016.10.29"]
[EventType "tourn"]
[EventRounds "5"]
[EventCountry "CAN"]
[SourceTitle "EXT 2019"]
[Source "ChessBase"]
[SourceDate "2018.10.10"]
[SourceVersion "1"]
[SourceVersionDate "2018.10.10"]
[SourceQuality "1"]

1. e4 d6 2. d4 Nf6 3. Nc3 g6 4. Nf3 Bg7 5. Be2 0-0 6. 0-0 e6 7. Bf4 h6 8. h3 Nc6 9. Qd2 Kh7 10. Rfe1 a6 11. Bf1 b6 12. Rad1 Bb7 13. Bh2 Ne7 14. Bd3 Nd7 15. a4 Ng8 16. Qe2 Qe7 17. Bg3 Rfc8 18. h4 Ngf6 19. e5 Nh5 20. Bh2 dxe5 21. dxe5 Bf8 22. Ne4 Ng7 23. Bb5 Nb8 24. Nf6+ Kh8 25. Bd3 Ne8 26. Be4 Bxe4 27. Qxe4 Ra7 28. h5 Bg7 29. hxg6 Nxf6 30. exf6 Qxf6 31. Ne5 fxg6 32. Nxg6+ Kg8 33. Be5 Qf7 34. Bxg7 Kxg7 35. Nf4 c6 36. Re3 Rg8 37. Rg3+ Kf6 38. Rf3 Ke7 39. Qb4+ Ke8 40. Qxb6 Qc7 41. Qe3 e5 42. Nh5 Rg5 43. Nf6+ Ke7 44. Qc5+ Ke6 45. Ne4 Nd7 46. Qc4+ Ke7 47. Rf7+ 1-0

[Event "Alberta op"]
[Site "Calgary"]
[Date "2016.10.10"]
[Round "6"]
[White "Gardner, Robert"]
[Black "Wei, Daniel"]
[Result "1-0"]
[WhiteElo "2166"]
[BlackElo "1449"]
[PlyCount "63"]
[EventDate "2016.10.08"]
[EventType "swiss"]
[EventRounds "6"]
[EventCountry "CAN"]
[SourceTitle "EXT 2018"]
[Source "ChessBase"]
[SourceDate "2017.10.13"]
[SourceVersion "1"]
[SourceVersionDate "2017.10.13"]
[SourceQuality "1"]

1. d4 d5 2. c4 c6 3. Nf3 Nf6 4. Nc3 dxc4 5. a4 Bf5 6. Ne5 e6 7. f3 h6 8. e4 Bh7 9. Bxc4 Nbd7 10. Nxd7 Qxd7 11. Be3 Bb4 12. 0-0 0-0 13. Ne2 Rac8 14. Qb3 a5 15. Nf4 Rfd8 16. Nxe6 b5 17. Nxd8 bxc4 18. Qxc4 Qxd8 19. Rac1 Nd7 20. Rfd1 Kf8 21. d5 c5 22. b3 f6 23. Bd2 Ba3 24. Rc2 Ne5 25. Qb5 Ra8 26. Ra1 Bb4 27. Bxb4 cxb4 28. Rac1 f5 29. f4 Ng4 30. e5 Bg8 31. e6 Ne3 32. Qc5+ 1-0

[Event "Alberta op"]
[Site "Calgary"]
[Date "2016.10.09"]
[Round "4"]
[White "Gardner, Robert"]
[Black "Kazmaier, Daniel"]
[Result "0-1"]
[WhiteElo "2166"]
[BlackElo "2209"]
[PlyCount "88"]
[EventDate "2016.10.08"]
[EventType "swiss"]
[EventRounds "6"]
[EventCountry "CAN"]
[SourceTitle "EXT 2018"]
[Source "ChessBase"]
[SourceDate "2017.10.13"]
[SourceVersion "1"]
[SourceVersionDate "2017.10.13"]
[SourceQuality "1"]

1. d4 f5 2. Bg5 h6 3. Bh4 g5 4. e4 Bg7 5. Bg3 fxe4 6. h4 Nf6 7. hxg5 hxg5 8. Rxh8+ Bxh8 9. Qd2 g4 10. Nc3 d5 11. 0-0-0 Bf5 12. f3 Nc6 13. Nb5 Rc8 14. Qf4 e6 15. Qh6 Kd7 16. Be2 Qf8 17. Qh2 a6 18. Nc3 gxf3 19. gxf3 b5 20. fxe4 Nxe4 21. Nxe4 Bxe4 22. Rf1 Qg7 23. c3 Nxd4 24. cxd4 Qxd4 25. Rf7+ Kc6 26. Bf3 Bg6 27. Rxc7+ Rxc7 28. Bxc7 Bf6 29. Bf4 e5 30. Bh6 Qc4+ 31. Kd1 Qxa2 32. Qd2 Qb3+ 33. Ke1 e4 34. Be2 Bxb2 35. Qg5 Qc3+ 36. Kd1 Qd4+ 37. Kc2 Qf6 38. Qg4 Bf5 39. Qf4 Qc3+ 40. Kd1 e3 41. Bxb5+ axb5 42. Qxe3 Bg4+ 43. Ne2 Qxe3 44. Bxe3 d4 0-1

[Event "Battle of Alberta "]
[Site "Red Deer"]
[Date "2016.09.10"]
[Round "2.6"]
[White "Gardner, Robert"]
[Black "Robichaud, Martin"]
[Result "1-0"]
[WhiteElo "2150"]
[BlackElo "2083"]
[PlyCount "103"]
[EventDate "2016.09.10"]
[EventType "team-match"]
[EventRounds "2"]
[EventCountry "CAN"]
[SourceTitle "EXT 2017"]
[Source "ChessBase"]
[SourceDate "2016.10.25"]
[SourceVersion "1"]
[SourceVersionDate "2016.10.25"]
[SourceQuality "1"]
[WhiteTeam "Alberta North"]
[BlackTeam "Alberta South"]
[WhiteTeamCountry "CAN"]
[BlackTeamCountry "CAN"]

1. d4 d5 2. c4 dxc4 3. e4 e5 4. dxe5 Qxd1+ 5. Kxd1 Nc6 6. f4 Bg4+ 7. Be2 0-0-0+ 8. Bd2 Bxe2+ 9. Nxe2 g5 10. g3 gxf4 11. gxf4 Bh6 12. Rf1 Nge7 13. a4 Rhg8 14. Ra3 Rg2 15. Rh3 Ng8 16. Rff3 Nb4 17. Rfg3 Rxg3 18. hxg3 Nd3 19. Kc2 Nf2 20. Rh2 Nxe4 21. Be1 Nc5 22. g4 Bf8 23. Rxh7 f6 24. Bh4 Re8 25. Nbc3 fxe5 26. f5 Nh6 27. Nd5 Nd7 28. Ne3 Bc5 29. Rxh6 Bxe3 30. g5 e4 31. Rh7 Rg8 32. g6 Nf8 33. Re7 Nxg6 34. fxg6 Rxg6 35. Rxe4 Bb6 36. Rxc4 c6 37. Re4 Rg7 38. Nd4 Rg2+ 39. Kb3 c5 40. Nb5 Rh2 41. Re8+ Kd7 42. Re7+ Kc6 43. Be1 c4+ 44. Ka2 Bc5 45. Rc7+ Kb6 46. Ba5+ Kxa5 47. Rxc5 a6 48. Nd6+ b5 49. axb5 axb5 50. Rxb5+ Ka4 51. Rc5 Rc2 52. Rxc4+ 1-0

[Event "Alberta-chB"]
[Site "Edmonton"]
[Date "2016.03.27"]
[Round "4"]
[White "Gardner, Robert"]
[Black "Villavieja, Butch"]
[Result "0-1"]
[WhiteElo "2143"]
[BlackElo "2102"]
[PlyCount "78"]
[EventDate "2016.03.26"]
[EventType "swiss"]
[EventRounds "5"]
[EventCountry "CAN"]
[SourceTitle "EXT 2017"]
[Source "ChessBase"]
[SourceDate "2016.10.25"]
[SourceVersion "1"]
[SourceVersionDate "2016.10.25"]
[SourceQuality "1"]

1. d4 Nf6 2. c4 g6 3. Nc3 d5 4. cxd5 Nxd5 5. e4 Nxc3 6. bxc3 Bg7 7. Qa4+ Nd7 8. Nf3 0-0 9. Be3 c5 10. Rd1 a6 11. Bd3 Qc7 12. 0-0 b5 13. Qa3 c4 14. Bb1 Nf6 15. Ne5 Bb7 16. f3 Rac8 17. Qc1 Rfd8 18. Bh6 a5 19. Bxg7 Kxg7 20. a3 e6 21. Ng4 Ng8 22. e5 Qe7 23. Be4 Ba6 24. f4 b4 25. axb4 axb4 26. Rf3 Rb8 27. cxb4 Qxb4 28. Rc3 Qb2 29. Qxb2 Rxb2 30. d5 exd5 31. Rxd5 Rdb8 32. Rd7 Bc8 33. e6 Bxd7 34. exd7 f5 35. Rxc4 Ne7 36. Ne5 fxe4 37. Rxe4 Rd2 38. h3 Rbb2 39. Kh1 Nf5 0-1

[Event "Edmonton-ch"]
[Site "Edmonton"]
[Date "2016.01.07"]
[Round "1.1"]
[White "Zeggelaar, Mike"]
[Black "Gardner, Robert"]
[Result "1-0"]
[WhiteElo "1945"]
[BlackElo "2163"]
[PlyCount "51"]
[EventDate "2016.01.07"]
[EventType "k.o."]
[EventRounds "4"]
[EventCountry "CAN"]
[SourceTitle "EXT 2019"]
[Source "ChessBase"]
[SourceDate "2018.10.10"]
[SourceVersion "1"]
[SourceVersionDate "2018.10.10"]
[SourceQuality "1"]

1. e4 g6 2. d4 Bg7 3. Nc3 c6 4. f4 d6 5. Nf3 Nd7 6. Be2 b5 7. a3 Bb7 8. 0-0 e5 9. Be3 Qc7 10. fxe5 dxe5 11. d5 a6 12. Qd2 Ngf6 13. Rad1 0-0 14. d6 Qb8 15. Bg5 Re8 16. Bh6 Bxh6 17. Qxh6 Ng4 18. Qh3 Qa7+ 19. Kh1 Ndf6 20. Qh4 Kg7 21. d7 Rh8 22. Nxe5 h5 23. Nxg4 Nxg4 24. Bxg4 hxg4 25. Qf6+ Kh6 26. d8Q 1-0

[Event "Edmonton WBX tt"]
[Site "Edmonton"]
[Date "2015.12.12"]
[Round "1"]
[White "Nguyen, Kim"]
[Black "Gardner, Robert"]
[Result "0-1"]
[WhiteElo "2035"]
[BlackElo "2149"]
[PlyCount "70"]
[EventDate "2015.12.12"]
[EventType "team-tourn"]
[EventRounds "5"]
[EventCountry "CAN"]
[SourceTitle "EXT 2017"]
[Source "ChessBase"]
[SourceDate "2016.10.25"]
[SourceVersion "1"]
[SourceVersionDate "2016.10.25"]
[SourceQuality "1"]

1. e4 d6 2. d4 Nf6 3. Nc3 g6 4. f4 Bg7 5. Nf3 c5 6. Bb5+ Bd7 7. Bxd7+ Nfxd7 8. Be3 0-0 9. 0-0 cxd4 10. Nxd4 Nc6 11. Kh1 Nxd4 12. Bxd4 Bxd4 13. Qxd4 Qb6 14. Qd2 Qxb2 15. Rab1 Qa3 16. Rxb7 Qa6 17. Rfb1 Rab8 18. Rxb8 Rxb8 19. Rxb8+ Nxb8 20. Qd3 Qa3 21. g3 Nc6 22. Kg2 Nb4 23. Qd2 Qb2 24. Kf2 Nxa2 25. Nd5 e6 26. Ne3 Nc3 27. Qd3 Qb4 28. Kf3 a5 29. Nc4 d5 30. exd5 exd5 31. Nb6 Qxb6 32. Qxc3 a4 33. f5 gxf5 34. Qc8+ Kg7 35. Qxf5 Qf6 0-1

[Event "Edmonton"]
[Site "Edmonton"]
[Date "2015.11.06"]
[Round "1"]
[White "Gardner, Robert"]
[Black "Kraai, Jesse"]
[Result "0-1"]
[WhiteElo "2160"]
[BlackElo "2506"]
[PlyCount "74"]
[EventDate "2015.11.06"]
[EventType "tourn"]
[EventRounds "9"]
[EventCountry "CAN"]
[EventCategory "2"]
[SourceTitle "CBM 169 Extra"]
[Source "ChessBase"]
[SourceDate "2015.12.18"]
[SourceVersion "1"]
[SourceVersionDate "2015.12.18"]
[SourceQuality "1"]

1. d4 Nf6 2. c4 e6 3. Nc3 Bb4 4. e3 0-0 5. Nge2 Re8 6. a3 Bf8 7. d5 exd5 8. cxd5 b6 9. Nf4 a5 10. Bd3 Na6 11. 0-0 Nc5 12. Bc2 Bd6 13. Nh5 Ba6 14. Re1 Nxh5 15. Qxh5 Bd3 16. Bxd3 Nxd3 17. Rd1 Nc5 18. Nb5 Be5 19. d6 Bxd6 20. Nxd6 cxd6 21. Rxd6 Rc8 22. Qd1 Qh4 23. Rxb6 Ne4 24. g3 Qh3 25. Rb5 Nxf2 26. Qh5 Rc2 27. Qe5 Rec8 28. Rb8 h5 29. Rxc8+ Rxc8 30. Qxa5 Ng4 31. Qd2 Ne5 32. Qg2 Qg4 33. Bd2 Nf3+ 34. Kh1 Rc2 35. h3 Qe4 36. Rd1 Rxb2 37. a4 Rxd2 0-1

[Event "Alberta op"]
[Site "Edmonton"]
[Date "2015.10.10"]
[Round "1"]
[White "Gardner, Robert"]
[Black "Bhavik, Dave"]
[Result "1-0"]
[WhiteElo "2173"]
[BlackElo "1512"]
[PlyCount "47"]
[EventDate "2015.10.10"]
[EventType "swiss"]
[EventRounds "6"]
[EventCountry "CAN"]
[SourceTitle "EXT 2017"]
[Source "ChessBase"]
[SourceDate "2016.10.25"]
[SourceVersion "1"]
[SourceVersionDate "2016.10.25"]
[SourceQuality "1"]

1. d4 Nf6 2. c4 g6 3. Nc3 d5 4. cxd5 Nxd5 5. e4 Nxc3 6. bxc3 Bg7 7. Qa4+ Bd7 8. Qb3 c5 9. Nf3 0-0 10. Bd3 Qa5 11. 0-0 Ba4 12. Qb2 Nc6 13. Bd2 cxd4 14. cxd4 Nxd4 15. Qxd4 Qxd2 16. Qxa4 Qxd3 17. Rad1 b5 18. Rxd3 bxa4 19. Ra3 a5 20. Rxa4 Bc3 21. g3 Rfd8 22. Rb1 Rd3 23. Kg2 Bb4 24. Rbxb4 1-0

[Event "Calgary op 8th"]
[Site "Calgary"]
[Date "2015.07.30"]
[Round "2"]
[White "Gardner, Robert"]
[Black "Yam, Alex"]
[Result "1/2-1/2"]
[WhiteElo "2133"]
[BlackElo "2306"]
[PlyCount "48"]
[EventDate "2015.07.29"]
[EventType "swiss"]
[EventRounds "9"]
[EventCountry "CAN"]
[SourceTitle "EXT 2017"]
[Source "ChessBase"]
[SourceDate "2016.10.25"]
[SourceVersion "1"]
[SourceVersionDate "2016.10.25"]
[SourceQuality "1"]

1. d4 Nf6 2. c4 e5 3. dxe5 Ng4 4. Nf3 Bc5 5. e3 Nc6 6. a3 a5 7. b3 0-0 8. Bd3 Re8 9. Bb2 Ra6 10. Qc2 Ncxe5 11. Bxh7+ Kh8 12. Nxe5 Nxe5 13. Bf5 Qg5 14. Nc3 Bxe3 15. fxe3 d5 16. 0-0 Qxe3+ 17. Qf2 Nf3+ 18. gxf3 Qg5+ 19. Kh1 Qxf5 20. Nxd5 Rae6 21. Nxc7 Re2 22. Qh4+ Kg8 23. Nxe8 Rxb2 24. Qd4 Rxh2+ 1/2-1/2